Statystyki dla Jakie urządzenie elektryczne stoi na blacie kuchennym?

Kliknij tutaj aby rozwiązać quiz!

Ogólne statystyki

  • Ten quiz został rozwiązany 20 razy
  • Średni wynik to 4 z 7

Statystyki odpowiedzi

Odpowiedź% Poprawnych
czajnik
83%
mikrofalówka
83%
blender
67%
ekspres do kawy
56%
toster
56%
krajalnica
33%
sokowirówka
22%

Rozkład punktacji

Percentyl według liczby udzielonych odpowiedzi

Procent ludzi z każdym wynikiem

Twoja historia wyników

Nie rozwiązałeś tego quizu